000 00681nam a2200181Ia 4500
005 20260601193224.0
008 260601s9999||||xx |||||||||||||| ||und||
020 _a978-3-031-50051-0
_qebk
100 _aDragan Perakovic
245 0 _aFuture Access Enablers for Ubiquitous and Intelligent Infrastructures
250 _a1st ed. 2024
260 _aHeidelberg, Germany
_bSpringer Nature
_c2024
440 _aLecture Notes of the Institute for Computer Sciences, Social Informatics and Telecommunications Engineering
650 _aComputer Science
700 _aLucia Knapcikova
856 _uhttps://link.springer.com/openurl?genre=book&isbn=978-3-031-50051-0
942 _cEB
_2ddc
999 _c55881
_d55881